000 00672nam a2200253Ia 4500
003 OSt
005 20220918191857.0
006 a|||||r|||| 00| 0
007 ta
008 220917b |||||||| |||| 00| 0 eng d
024 _a65,574
037 _cTextual
040 _aARTS
_cARTS
_beng
041 _2eng
_aeng
082 _aR3jM99, L2
100 _aReck Andrew J ed
_977469
245 0 _aKnowledge and value
_b essays in honor of Harold N Lee
260 _c1972
300 _aviii,193p.
_ccm.
490 _aTulane studies in philosophy; 21
650 _aPHILOSOPHY
942 _hR3jM99, L2
_cTEXL
_2CC
999 _c191817
_d191817